[Event "Queenstown op"]
[Site "Queenstown"]
[Date "2006.01.24"]
[Round "10"]
[White "Eriksson, Ingela S"]
[Black "Wang, Puchen"]
[Result "0-1"]
[WhiteElo "2101"]
[BlackElo "2240"]
[PlyCount "88"]
[EventDate "2006.01.15"]
[EventType "swiss"]
[EventRounds "10"]
[EventCountry "NZL"]
[SourceTitle "CBM 110 Extra"]
[Source "ChessBase"]
[SourceDate "2006.03.10"]
[SourceVersion "2"]
[SourceVersionDate "2006.03.10"]
[SourceQuality "1"]

1. e4 e6 2. d3 d5 3. Nd2 Nf6 4. Ngf3 Nc6 5. g3 Bc5 6. Bg2 dxe4 7. dxe4 e5 8. 0-0 0-0 9. c3 a6 10. Qc2 Be6 11. b4 Ba7 12. a4 b5 13. h3 h6 14. Rd1 Qc8 15. g4 h5 16. g5 Nh7 17. h4 Bh3 18. Nh2 Ne7 19. Ndf3 Ng6 20. Qd3 c6 21. Ra2 Be6 22. Ra3 bxa4 23. Be3 Bb3 24. Rd2 Re8 25. Qd7 Bxe3 26. fxe3 Nhf8 27. Qxc8 Rexc8 28. Nf1 Ne6 29. Bh3 Rd8 30. Bxe6 fxe6 31. Kf2 Rf8 32. Kg2 Rad8 33. Kg3 Bd1 34. Rxd8 Rxd8 35. N1d2 Rd3 36. Kf2 Nxh4 37. Nxh4 Rxd2+ 38. Ke1 Rd3 39. Ng6 Bb3 40. Nxe5 Rxc3 41. Kf2 c5 42. Ra1 cxb4 43. Rf1 Rc5 44. Nd7 Rxg5 0-1

[Event "Queenstown op"]
[Site "Queenstown"]
[Date "2006.01.23"]
[Round "9"]
[White "Aldridge, Alan L"]
[Black "Eriksson, Ingela S"]
[Result "0-1"]
[WhiteElo "2002"]
[BlackElo "2101"]
[PlyCount "62"]
[EventDate "2006.01.15"]
[EventType "swiss"]
[EventRounds "10"]
[EventCountry "NZL"]
[SourceTitle "CBM 110 Extra"]
[Source "ChessBase"]
[SourceDate "2006.03.10"]
[SourceVersion "2"]
[SourceVersionDate "2006.03.10"]
[SourceQuality "1"]

1. d4 d6 2. Nf3 Nf6 3. c4 Nbd7 4. g3 g6 5. Bg2 Bg7 6. Nc3 0-0 7. 0-0 e5 8. dxe5 dxe5 9. Qc2 c6 10. Rd1 Qc7 11. Rb1 Nc5 12. Ng5 h6 13. Be3 Bf5 14. Nge4 Ncxe4 15. Nxe4 Kh8 16. c5 Rad8 17. Rxd8 Rxd8 18. Rf1 Rd5 19. f4 Qd8 20. fxe5 Bxe4 21. Bxe4 Nxe4 22. Qxe4 Rxe5 23. Qd4 Qxd4 24. Bxd4 Rxe2 25. Bxg7+ Kxg7 26. Rb1 Rc2 27. b4 Rxa2 28. b5 Rc2 29. b6 axb6 30. cxb6 c5 31. h4 h5 0-1

[Event "Doeberl Cup 42nd"]
[Site "Canberra"]
[Date "2004.04.11"]
[Round "5"]
[White "Eriksson, Ingela S"]
[Black "Oliver, Gareth"]
[Result "1-0"]
[WhiteElo "2096"]
[BlackElo "1998"]
[PlyCount "75"]
[EventDate "2004.04.09"]
[EventType "swiss"]
[EventRounds "7"]
[EventCountry "AUS"]
[SourceTitle "EXT 2005"]
[Source "ChessBase"]
[SourceDate "2004.11.15"]
[SourceVersion "1"]
[SourceVersionDate "2004.11.15"]
[SourceQuality "1"]

1. e4 e6 2. d4 d5 3. exd5 exd5 4. c4 Nf6 5. Nc3 c6 6. Bg5 Be7 7. Rc1 0-0 8. Bd3 dxc4 9. Bxc4 Nbd7 10. Nge2 Nb6 11. Bd3 Nbd5 12. 0-0 Be6 13. Bb1 Qd6 14. Ng3 h6 15. Nxd5 Qxd5 16. Bf4 Bd6 17. Bxd6 Qxd6 18. Qd3 Bd5 19. Rc3 Rfe8 20. Nf5 Qe6 21. Qg3 Nh5 22. Qh4 g6 23. Nxh6+ Kf8 24. Ng4 Bc4 25. Re3 Qd6 26. Rd1 c5 27. Ne5 Bb5 28. Qg5 Re6 29. d5 Rf6 30. Rde1 Rd8 31. Rh3 Re8 32. Qh6+ Kg8 33. Rxh5 gxh5 34. Qh7+ Kf8 35. Qh8+ Ke7 36. Nc6+ Kd7 37. Qxe8+ Kc7 38. Qb8+ 1-0

[Event "AUS-ch"]
[Site "Adelaide"]
[Date "2004.01.08"]
[Round "9"]
[White "Eriksson, Ingela S"]
[Black "Hacche, David"]
[Result "1/2-1/2"]
[WhiteElo "2096"]
[BlackElo "2206"]
[PlyCount "126"]
[EventDate "2003.12.06"]
[EventType "swiss"]
[EventRounds "11"]
[EventCountry "AUS"]
[SourceTitle "EXT 2005"]
[Source "ChessBase"]
[SourceDate "2004.11.15"]
[SourceVersion "1"]
[SourceVersionDate "2004.11.15"]
[SourceQuality "1"]

1. e4 c5 2. Nf3 Nc6 3. d4 cxd4 4. Nxd4 e5 5. Nb5 d6 6. N1c3 a6 7. Na3 b5 8. Nd5 Nce7 9. c4 Nxd5 10. Qxd5 Be6 11. Qd3 b4 12. Nc2 a5 13. b3 Be7 14. Be2 Nf6 15. 0-0 Nd7 16. Be3 0-0 17. a3 f5 18. axb4 fxe4 19. Qd2 Qe8 20. Rxa5 Qg6 21. Rfa1 Rad8 22. Ra7 h6 23. b5 Bh3 24. Bf1 Bh4 25. Kh1 Bf5 26. b4 Nf6 27. g3 Bg4 28. Ne1 Bg5 29. Bxg5 hxg5 30. b6 Qh5 31. b7 e3 32. Qxe3 Bd7 33. Be2 Qh3 34. Kg1 Rb8 35. Ra8 Rxb7 36. Rxf8+ Kxf8 37. b5 Qf5 38. Qf3 Qxf3 39. Nxf3 g4 40. Nd2 Ke7 41. Ra5 Kd8 42. Bd3 Kc7 43. Ne4 Bf5 44. Nxf6 Bxd3 45. Nd5+ Kd7 46. Ne3 Be4 47. Kf1 Ke6 48. Ke1 g6 49. Ra6 Kd7 50. Ra8 Kc7 51. Ra6 Rb8 52. Kd2 Bb7 53. Ra2 Bf3 54. Kc3 Rh8 55. Kb4 Rxh2 56. Rd2 Rh1 57. Ra2 Rb1+ 58. Kc3 Re1 59. Ra7+ Kb6 60. Rg7 Be4 61. Nxg4 Rc1+ 62. Kb4 Rb1+ 63. Kc3 Rc1+ 1/2-1/2

[Event "AUS-ch"]
[Site "Adelaide"]
[Date "2004.01.05"]
[Round "7"]
[White "Eriksson, Ingela S"]
[Black "Barber, Haydn J"]
[Result "0-1"]
[WhiteElo "2096"]
[BlackElo "2287"]
[PlyCount "108"]
[EventDate "2003.12.06"]
[EventType "swiss"]
[EventRounds "11"]
[EventCountry "AUS"]
[SourceTitle "EXT 2005"]
[Source "ChessBase"]
[SourceDate "2004.11.15"]
[SourceVersion "1"]
[SourceVersionDate "2004.11.15"]
[SourceQuality "1"]

1. e4 c5 2. Nf3 Nc6 3. d4 cxd4 4. Nxd4 Nf6 5. Nc3 d6 6. Bc4 e6 7. Be3 a6 8. Bb3 Qc7 9. Qe2 Na5 10. 0-0-0 b5 11. f3 Nd7 12. Bxe6 fxe6 13. Nxe6 Qc4 14. Qxc4 Nxc4 15. Nc7+ Kd8 16. Nxa8 Nxe3 17. Rd3 Nxg2 18. Nd5 g6 19. Kb1 Ne5 20. Rd2 Nh4 21. f4 Bh6 22. Nab6 Rf8 23. Nxc8 Kxc8 24. Rhd1 Nc4 25. Rf2 g5 26. f5 g4 27. b3 Ne3 28. Nb6+ Kc7 29. Rd3 Kc6 30. a4 Nf3 31. Re2 Ne5 32. Rd4 Bg5 33. a5 h5 34. c3 h4 35. Nd5 Nxd5 36. exd5+ Kc7 37. Rg2 Rxf5 38. c4 Be3 39. Re4 Rf1+ 40. Ka2 Rf2+ 41. Rxf2 Bxf2 42. Rf4 Be3 43. Rf8 bxc4 44. b4 g3 45. hxg3 hxg3 46. Rg8 Bf2 47. Rg7+ Kd8 48. Rg8+ Ke7 49. b5 Kf7 50. Rg5 Kf6 51. Rg8 axb5 52. a6 Ng6 53. Re8 g2 54. Re1 g1Q 0-1

[Event "AUS-ch"]
[Site "Adelaide"]
[Date "2003.12.29"]
[Round "1"]
[White "Canfell, Gregory"]
[Black "Eriksson, Ingela S"]
[Result "1-0"]
[WhiteElo "2279"]
[BlackElo "2096"]
[PlyCount "57"]
[EventDate "2003.12.06"]
[EventType "swiss"]
[EventRounds "11"]
[EventCountry "AUS"]
[SourceTitle "EXT 2005"]
[Source "ChessBase"]
[SourceDate "2004.11.15"]
[SourceVersion "1"]
[SourceVersionDate "2004.11.15"]
[SourceQuality "1"]

1. e4 e5 2. Nf3 d6 3. d4 Nf6 4. Nc3 Nbd7 5. Bc4 Be7 6. 0-0 0-0 7. a4 c6 8. Ba2 b6 9. Qe2 Bb7 10. Rd1 Qc7 11. Nh4 exd4 12. Rxd4 Rfe8 13. Nf5 Bf8 14. Bf4 Ne5 15. Rad1 c5 16. R4d2 Bc6 17. Bg5 Rad8 18. Bxf6 gxf6 19. Rd3 Nxd3 20. Rxd3 Kh8 21. Rh3 Re5 22. Rxh7+ Kxh7 23. Qh5+ Kg8 24. Qg6+ Kh8 25. Qxf6+ Kg8 26. Qg6+ Kh8 27. Bxf7 Qxf7 28. Qxf7 Rde8 29. Nh4 1-0

[Event "Olympiad Women-32"]
[Site "Yerevan"]
[Date "1996.??.??"]
[Round "10"]
[White "Borek, Jutta"]
[Black "Eriksson, Ingela S"]
[Result "0-1"]
[WhiteElo "2110"]
[BlackElo "2095"]
[PlyCount "120"]
[EventDate "1996.09.15"]
[EventType "team-swiss"]
[EventRounds "14"]
[EventCountry "ARM"]
[SourceTitle "EXT 1997"]
[Source "ChessBase"]
[SourceDate "1996.11.15"]
[SourceVersion "1"]
[SourceVersionDate "1996.11.15"]
[SourceQuality "1"]

1. c4 Nf6 2. g3 g6 3. Bg2 Bg7 4. Nc3 0-0 5. d3 c6 6. e4 d6 7. Nge2 e5 8. 0-0 Nbd7 9. h3 Ne8 10. Be3 f5 11. f4 exf4 12. gxf4 Qa5 13. Qd2 Ndf6 14. exf5 Bxf5 15. b4 Qc7 16. Ng3 Be6 17. f5 Bf7 18. Nce2 d5 19. c5 Qd7 20. Rae1 Nc7 21. Kh2 a5 22. bxa5 Nb5 23. a4 Na7 24. Bd4 Nc8 25. Qc3 Qd8 26. fxg6 Bxg6 27. Nf5 Bxf5 28. Rxf5 Qxa5 29. Qc1 Ne7 30. Rg5 Ng6 31. Rg1 Qc7+ 32. Kh1 Rxa4 33. Qb2 Ne8 34. Bxg7 Qxg7 35. d4 Kh8 36. Rg3 Qd7 37. Qd2 Ra8 38. Rb1 Nf6 39. Rgb3 Rab8 40. Qb2 Rf7 41. Rf1 Nh4 42. Ng3 Rbf8 43. Rb1 Nxg2 44. Kxg2 Rb8 45. Rf1 Rg8 46. Qf2 Rg6 47. Qf4 Rfg7 48. Rff3 Ne4 49. Qe5 Qe7 50. Qxe7 Rxe7 51. Rf8+ Kg7 52. Rb8 Kf6 53. Rf3+ Ke6 54. Ra8 Reg7 55. Raa3 Kd7 56. h4 Ke6 57. Kh3 Rxg3+ 58. Rxg3 Rxg3+ 59. Rxg3 Nxg3 60. Kxg3 Kf5 0-1

[Event "Heart of Finland op 06th"]
[Site "Jyvaskyla"]
[Date "1996.??.??"]
[Round "9"]
[White "Eriksson, Ingela S"]
[Black "Hartikainen, Markku"]
[Result "0-1"]
[WhiteElo "2095"]
[BlackElo "2290"]
[PlyCount "50"]
[EventDate "1996.07.??"]
[EventType "swiss"]
[EventRounds "9"]
[EventCountry "FIN"]
[SourceTitle "EXT 1998"]
[Source "ChessBase"]
[SourceDate "1997.11.17"]
[SourceVersion "1"]
[SourceVersionDate "1997.11.17"]
[SourceQuality "1"]

1. e4 c5 2. Nf3 g6 3. d4 Bg7 4. c3 Qa5 5. dxc5 Qxc5 6. Bd3 d6 7. Be3 Qc7 8. Nbd2 Nc6 9. 0-0 Nf6 10. h3 0-0 11. Nd4 d5 12. Nb5 Qb8 13. Bg5 a6 14. Na3 Rd8 15. Qe2 Be6 16. Bh4 Nh5 17. Bc2 d4 18. cxd4 Nf4 19. Qe1 Bxd4 20. Qb1 g5 21. Bxg5 Nxh3+ 22. gxh3 Qg3+ 23. Kh1 Qxh3+ 24. Kg1 Be5 25. Rd1 Bh2+ 0-1

[Event "Olympiad Women-32"]
[Site "Yerevan"]
[Date "1996.??.??"]
[Round "3"]
[White "Macek, Vlasta"]
[Black "Eriksson, Ingela S"]
[Result "1-0"]
[WhiteElo "2205"]
[BlackElo "2095"]
[PlyCount "97"]
[EventDate "1996.09.15"]
[EventType "team-swiss"]
[EventRounds "14"]
[EventCountry "ARM"]
[SourceTitle "EXT 1997"]
[Source "ChessBase"]
[SourceDate "1996.11.15"]
[SourceVersion "1"]
[SourceVersionDate "1996.11.15"]
[SourceQuality "1"]

1. d4 Nf6 2. Nf3 c5 3. d5 e6 4. Nc3 d6 5. e4 exd5 6. exd5 Be7 7. Be2 a6 8. a4 Bg4 9. h3 Bxf3 10. Bxf3 Nbd7 11. 0-0 0-0 12. g3 Rb8 13. a5 Ne5 14. Bg2 Re8 15. Ra4 Qc8 16. g4 Nfd7 17. Re1 b5 18. axb6 Rxb6 19. Rae4 Rb4 20. Na2 Rxe4 21. Bxe4 Qd8 22. Nc3 Ng6 23. Bxg6 hxg6 24. Bf4 Bf8 25. Rxe8 Qxe8 26. Qd3 Qe1+ 27. Qf1 Qxf1+ 28. Kxf1 Nb6 29. Ke2 Be7 30. Kd3 Kf8 31. b3 Ke8 32. Ke4 Kd7 33. Na4 Nxa4 34. bxa4 Bf6 35. Bd2 Be7 36. Bc3 Bf8 37. f4 Ke7 38. Ba5 Kd7 39. Bc3 Ke7 40. h4 Kd7 41. f5 Be7 42. fxg6 fxg6 43. h5 Bf8 44. hxg6 Ke8 45. Kf5 Kd7 46. g5 Ke7 47. Bf6+ Kd7 48. c4 a5 49. Bc3 1-0

[Event "Heart of Finland op 06th"]
[Site "Jyvaskyla"]
[Date "1996.??.??"]
[Round "8"]
[White "Nevanlinna, Risto"]
[Black "Eriksson, Ingela S"]
[Result "0-1"]
[WhiteElo "2300"]
[BlackElo "2095"]
[PlyCount "73"]
[EventDate "1996.07.??"]
[EventType "swiss"]
[EventRounds "9"]
[EventCountry "FIN"]
[SourceTitle "EXT 1998"]
[Source "ChessBase"]
[SourceDate "1997.11.17"]
[SourceVersion "1"]
[SourceVersionDate "1997.11.17"]
[SourceQuality "1"]

1. e4 e5 2. Nf3 d6 3. d4 Nf6 4. Nc3 Nbd7 5. Bc4 Be7 6. 0-0 0-0 7. a4 c6 8. Bb3 Qc7 9. Qe2 h6 10. a5 Re8 11. d5 Nc5 12. Ba2 Bg4 13. b4 Ncd7 14. a6 bxa6 15. dxc6 Qxc6 16. Nd5 Nb6 17. Nxf6+ Bxf6 18. Bb3 Qb5 19. Qe1 Bc8 20. c4 Qc6 21. Ba3 Be6 22. Rc1 Rac8 23. Qe2 Qb7 24. Rfd1 Be7 25. Qd3 Nd7 26. h3 Rc7 27. Nd2 Rec8 28. Nf1 a5 29. bxa5 Nc5 30. Bxc5 Rxc5 31. Ne3 Qa6 32. Rb1 Qxa5 33. Ra1 Qc7 34. Ra3 Ra5 35. Rxa5 Qxa5 36. Rb1 Qc7 37. g3 0-1

[Event "Budapest FS02 IM (Women)"]
[Site "Budapest"]
[Date "1995.??.??"]
[Round "4"]
[White "Bognarne, Cinolter"]
[Black "Eriksson, Ingela S"]
[Result "0-1"]
[WhiteElo "2000"]
[BlackElo "2070"]
[PlyCount "62"]
[EventDate "1995.02.??"]
[EventType "tourn"]
[EventRounds "9"]
[EventCountry "HUN"]
[SourceTitle "EXT 1997"]
[Source "ChessBase"]
[SourceDate "1996.11.15"]
[SourceVersion "1"]
[SourceVersionDate "1996.11.15"]
[SourceQuality "1"]

1. e4 d5 2. exd5 Qxd5 3. d4 Nf6 4. Nc3 Qa5 5. Nf3 c6 6. h3 Bf5 7. Bd3 e6 8. 0-0 Nbd7 9. Bd2 Bxd3 10. cxd3 Be7 11. Re1 0-0 12. Ne5 Qb6 13. Nxd7 Nxd7 14. d5 Bh4 15. Be3 Qxb2 16. Na4 Qf6 17. dxc6 bxc6 18. Rc1 Rfc8 19. Rc4 Qd8 20. Bd2 Nb6 21. Ba5 Rab8 22. Qg4 Bf6 23. Nc5 Qe7 24. Ne4 Nxc4 25. dxc4 Bd4 26. Ng3 Qc5 27. Re2 Rb1+ 28. Be1 Rxe1+ 29. Rxe1 Bxf2+ 30. Kf1 Bxe1 31. Kxe1 Qe3+ 0-1

[Event "Budapest FS02 IM (Women)"]
[Site "Budapest"]
[Date "1995.??.??"]
[Round "8"]
[White "Eriksson, Ingela S"]
[Black "Krizsan Bilek, Gyulane"]
[Result "1-0"]
[WhiteElo "2070"]
[BlackElo "2110"]
[PlyCount "83"]
[EventDate "1995.02.??"]
[EventType "tourn"]
[EventRounds "9"]
[EventCountry "HUN"]
[SourceTitle "EXT 1997"]
[Source "ChessBase"]
[SourceDate "1996.11.15"]
[SourceVersion "1"]
[SourceVersionDate "1996.11.15"]
[SourceQuality "1"]

1. e4 c5 2. Nf3 g6 3. d4 Bg7 4. Nc3 Qa5 5. Be3 Nf6 6. Qd2 Nc6 7. Be2 cxd4 8. Nxd4 Nxe4 9. Nxc6 Qxc3 10. Qxc3 Nxc3 11. Nxa7 Nd5 12. Nxc8 Rxc8 13. 0-0-0 Nxe3 14. fxe3 Rc7 15. Bb5 0-0 16. Rxd7 Rxd7 17. Bxd7 Bh6 18. Re1 Rd8 19. Bb5 f5 20. g3 Kf7 21. c3 Kf6 22. Kc2 e5 23. a4 g5 24. Rd1 Rxd1 25. Kxd1 g4 26. Ke2 f4 27. Bd3 Bf8 28. a5 Bc5 29. exf4 exf4 30. gxf4 h5 31. Be4 b5 32. b4 Bg1 33. a6 Ke7 34. Bd3 Kd6 35. Bxb5 Kc7 36. Be8 Bxh2 37. Bxh5 g3 38. Bf3 Kb6 39. f5 g2 40. Bxg2 Be5 41. b5 Bxc3 42. Bc6 1-0

[Event "Budapest FS02 IM (Women)"]
[Site "Budapest"]
[Date "1995.??.??"]
[Round "5"]
[White "Eriksson, Ingela S"]
[Black "Vajda, Szidonia"]
[Result "0-1"]
[WhiteElo "2070"]
[BlackElo "2205"]
[PlyCount "134"]
[EventDate "1995.02.??"]
[EventType "tourn"]
[EventRounds "9"]
[EventCountry "HUN"]
[SourceTitle "EXT 1997"]
[Source "ChessBase"]
[SourceDate "1996.11.15"]
[SourceVersion "1"]
[SourceVersionDate "1996.11.15"]
[SourceQuality "1"]

1. e4 e5 2. Nf3 Nc6 3. Bc4 Nf6 4. d3 Bc5 5. Nc3 d6 6. Bg5 h6 7. Bh4 Be6 8. Bb3 a6 9. Nd5 g5 10. Nxf6+ Qxf6 11. Bxe6 Qxe6 12. Bg3 0-0-0 13. c3 f5 14. exf5 Qxf5 15. Qc2 Rhf8 16. 0-0-0 Qf7 17. Kb1 Rde8 18. d4 exd4 19. Nxd4 Bxd4 20. cxd4 Nb4 21. Qb3 Qf5+ 22. Kc1 Re2 23. Rd2 Rxd2 24. Kxd2 Nc6 25. Qc4 Qe4 26. Rc1 d5 27. f3 Qe6 28. Qc5 Rf7 29. Re1 Qf5 30. b4 g4 31. fxg4 Qxg4 32. Kc3 Qd7 33. Kb2 b6 34. Qc3 Kb7 35. a3 Na7 36. Re5 Nc6 37. Re1 Qg4 38. Re3 Qxd4 39. Qxd4 Nxd4 40. Rd3 c5 41. bxc5 bxc5 42. Be5 Rf2+ 43. Kb1 Rxg2 44. Bxd4 cxd4 45. Rxd4 Kc6 46. Rh4 Rg6 47. Kc2 Kc5 48. Kc3 Rf6 49. Rh5 a5 50. Rh3 a4 51. Rh4 Rf3+ 52. Kb2 d4 53. Rxh6 Rf2+ 54. Kb1 Kc4 55. h4 Kb3 56. Kc1 Kxa3 57. Rd6 Kb3 58. Rxd4 Rf1+ 59. Kd2 a3 60. Rd3+ Kb4 61. Rd4+ Kc5 62. Ra4 a2 63. Ra5+ Kd6 64. Ra6+ Ke5 65. Ra5+ Kf4 66. Ra4+ Kg3 67. Rxa2 Rf2+ 0-1

[Event "Kuopio op1"]
[Site "Kuopio"]
[Date "1995.??.??"]
[Round "?"]
[White "Eriksson, Ingela S"]
[Black "Vooremaa, Andres M"]
[Result "0-1"]
[WhiteElo "2070"]
[BlackElo "2305"]
[PlyCount "86"]
[EventDate "1995.??.??"]
[EventType "swiss"]
[EventRounds "9"]
[EventCountry "FIN"]
[SourceTitle "EXT 2000"]
[Source "ChessBase"]
[SourceDate "1999.11.16"]
[SourceVersion "1"]
[SourceVersionDate "1999.11.16"]
[SourceQuality "1"]

1. e4 c5 2. Nf3 Nc6 3. d4 cxd4 4. Nxd4 Nf6 5. Nc3 Qc7 6. Be3 e6 7. Bd3 a6 8. 0-0 b5 9. a3 Bb7 10. Kh1 h5 11. f4 Ng4 12. Bg1 Nxd4 13. Bxd4 Bc5 14. Bxb5 axb5 15. Nxb5 Qc6 16. Bxc5 Qxc5 17. Nd6+ Ke7 18. Nxb7 Qb6 19. e5 Qxb7 20. b4 Rhc8 21. Rf3 Rc4 22. Qd6+ Ke8 23. f5 Ra6 24. Qd2 Rxb4 25. fxe6 Rb1+ 26. Rf1 Rxf1+ 27. Rxf1 Rxe6 28. Qd3 Nxe5 29. Qh7 Rg6 30. Rg1 Qe4 31. Qh8+ Ke7 32. Qxh5 d6 33. Qh3 Qxc2 34. Qh4+ f6 35. h3 Qc4 36. Qf2 Qc5 37. Qb2 Qd5 38. Re1 Kf7 39. Qc2 Rg5 40. a4 Qc4 41. Qd2 Qxa4 42. Qxd6 Qa2 43. Qc7+ Kg6 0-1

[Event "Budapest FS02 IM (Women)"]
[Site "Budapest"]
[Date "1995.??.??"]
[Round "7"]
[White "Schaefer, Anke"]
[Black "Eriksson, Ingela S"]
[Result "0-1"]
[WhiteElo "2130"]
[BlackElo "2070"]
[PlyCount "38"]
[EventDate "1995.02.??"]
[EventType "tourn"]
[EventRounds "9"]
[EventCountry "HUN"]
[SourceTitle "EXT 1997"]
[Source "ChessBase"]
[SourceDate "1996.11.15"]
[SourceVersion "1"]
[SourceVersionDate "1996.11.15"]
[SourceQuality "1"]

1. e4 e5 2. Nf3 d6 3. d4 Nf6 4. Nc3 Nbd7 5. Bc4 Be7 6. Bxf7+ Kxf7 7. Ng5+ Kg8 8. Ne6 Qe8 9. Nxc7 Qg6 10. Nxa8 Qxg2 11. Rf1 exd4 12. Qxd4 Ne5 13. f4 Nfg4 14. Ne2 Bh4+ 15. Ng3 Nxh2 16. Qd5+ Nf7 17. Rf2 Bxg3 18. Be3 Bxf2+ 19. Bxf2 Qf1+ 0-1

[Event "Olympiad Women-31"]
[Site "Moscow"]
[Date "1994.12.08"]
[Round "7"]
[White "Ribeiro, Regina"]
[Black "Eriksson, Ingela S"]
[Result "1-0"]
[WhiteElo "2100"]
[BlackElo "2065"]
[PlyCount "65"]
[EventDate "1994.12.01"]
[EventType "team-swiss"]
[EventRounds "14"]
[EventCountry "RUS"]
[SourceTitle "EXT 2019"]
[Source "ChessBase"]
[SourceDate "2018.10.10"]
[SourceVersion "1"]
[SourceVersionDate "2018.10.10"]
[SourceQuality "1"]
[WhiteTeam "Brazil (W)"]
[BlackTeam "Sweden (W)"]
[WhiteTeamCountry "BRA"]
[BlackTeamCountry "SWE"]

1. Nf3 d5 2. d4 Nf6 3. Bg5 e6 4. Nbd2 Be7 5. e3 0-0 6. Bd3 b6 7. Ne5 c5 8. c3 Bb7 9. Qf3 Nc6 10. Nxc6 Bxc6 11. 0-0 h6 12. Bf4 Bd6 13. Rad1 Bxf4 14. Qxf4 Qe7 15. Nf3 Rfd8 16. Ne5 Bb7 17. Qh4 Qc7 18. g4 Qc8 19. g5 hxg5 20. Qxg5 Ba6 21. f3 Bxd3 22. Nxd3 cxd4 23. exd4 Ne8 24. Rf2 Qc7 25. Rg2 f6 26. Qg4 Kf7 27. Re1 Rd6 28. Nf4 Qd7 29. Ng6 Kg8 30. Qh5 Nc7 31. Qh8+ Kf7 32. Ne5+ fxe5 33. Rxg7+ 1-0